[Event "SR 3. liga A2 2010/2011"]
[Site "?"]
[Date "2011.01.30"]
[Round "7.5"]
[White "Vepy, Ivan"]
[Black "Brunovsky, Peter"]
[Result "1-0"]
[WhiteElo "1935"]
[BlackElo "1785"]
[PlyCount "111"]
[EventDate "2010.??.??"]
[WhiteTeam "Slovakia"]
[BlackTeam "II"]
[WhiteTeamCountry "SVK"]
[BlackTeamCountry "SVK"]

1. e4 c6 2. d4 d5 3. e5 Bf5 4. Bd3 Bxd3 5. Qxd3 e6 6. Nf3 Ne7 7. Nbd2 Nf5 8.
Nf1 Nd7 9. Ng3 g6 10. Nxf5 gxf5 11. Bd2 Be7 12. O-O-O Qc7 13. Kb1 O-O-O 14. c4
dxc4 15. Qxc4 Nb6 16. Qb3 Nd5 17. Rc1 Kb8 18. Rc2 Qb6 19. Qa4 Qb5 20. Qxb5 cxb5
21. Bg5 h6 22. Bxe7 Nxe7 23. Rhc1 Rc8 24. Rd1 Nd5 25. Nd2 Rhg8 26. g3 b6 27.
Nf1 Kb7 28. Ne3 Nxe3 29. fxe3 Rgd8 30. Rf1 Rxc2 31. Kxc2 Kc6 32. g4 Rg8 33.
gxf5 Rg2+ 34. Kd3 Rxh2 35. fxe6 fxe6 36. Rf6 Kd7 37. Rf7+ Ke8 38. Rxa7 Rxb2 39.
Ra6 Ke7 40. Rxb6 Rxa2 41. Rb7+ Ke8 42. Rxb5 h5 43. Rb8+ Kf7 44. Ke4 Rf2 45. Rh8
Kg6 46. Rg8+ Kf7 47. Rg3 Rh2 48. Kf4 h4 49. Rf3 Kg6 50. Kg4 Kg7 51. Rh3 Rxh3
52. Kxh3 Kg6 53. Kxh4 Kf5 54. Kg3 Ke4 55. Kf2 Kd3 56. d5 1-0

[Event "SR 3. liga A2 2010/2011"]
[Site "?"]
[Date "2011.01.30"]
[Round "7.6"]
[White "Feher, Tibor"]
[Black "Bertalan, Balint"]
[Result "0-1"]
[WhiteElo "1805"]
[BlackElo "1802"]
[PlyCount "106"]
[EventDate "2010.??.??"]
[WhiteTeam "Slovakia"]
[BlackTeam "II"]
[WhiteTeamCountry "SVK"]
[BlackTeamCountry "SVK"]

1. d4 g6 2. c4 Bg7 3. Nf3 Nf6 4. Nc3 d6 5. e4 O-O 6. Be2 Bg4 7. Qb3 Qc8 8. O-O
Nc6 9. Be3 Bxf3 10. Bxf3 e5 11. dxe5 Nxe5 12. Be2 Nfg4 13. Bd2 c6 14. f3 Nxf3+
15. Rxf3 Bd4+ 16. Kh1 Nf2+ 17. Rxf2 Bxf2 18. Bh6 Re8 19. Rf1 Bd4 20. c5 Qe6 21.
Bc4 d5 22. exd5 cxd5 23. Bxd5 Qe1 24. Bxf7+ Kh8 25. Qd1 Qxd1 26. Nxd1 Re2 27.
h4 Bxc5 28. Bc4 Re4 29. Rf4 Re1+ 30. Rf1 Re4 31. Rf4 Rae8 32. Bg5 Rxf4 33. Bxf4
Re4 34. b3 Rxf4 35. g3 Re4 36. Nc3 Re1+ 37. Kg2 Rc1 38. Ne4 Bb4 39. Kf3 Kg7 40.
g4 Rh1 41. h5 gxh5 42. gxh5 Rxh5 43. Kg4 Rh2 44. a4 Kg6 45. Bd3 Kg7 46. Kg3 Rb2
47. Bc4 Be1+ 48. Kg4 Kg6 49. Nd6 h5+ 50. Kh3 h4 51. Nxb7 Kg5 52. Nc5 Bg3 53.
Ne4+ Kf4 0-1

[Event "SR 3. liga A2 2010/2011"]
[Site "?"]
[Date "2011.01.30"]
[Round "7.6"]
[White "Mackovic, Miroslav"]
[Black "Babirat, Michal"]
[Result "1/2-1/2"]
[WhiteElo "1915"]
[BlackElo "1757"]
[PlyCount "139"]
[EventDate "2010.??.??"]
[WhiteTeam "Slovakia"]
[BlackTeam "II"]
[WhiteTeamCountry "SVK"]
[BlackTeamCountry "SVK"]

1. e4 c5 2. Nf3 d6 3. d4 cxd4 4. Nxd4 Nf6 5. Nc3 g6 6. Be3 Bg7 7. f3 Nc6 8. Qd2
O-O 9. Bc4 Ne5 10. Bb3 Bd7 11. Bh6 Qb6 12. Bxg7 Kxg7 13. O-O-O Rfc8 14. g4 Nc4
15. Qe2 Qc5 16. Bxc4 Qxc4 17. Qd2 b5 18. Kb1 b4 19. Nd5 Nxd5 20. exd5 e5 21.
dxe6 fxe6 22. Ne2 Rc6 23. h4 Rac8 24. c3 bxc3 25. Qxc3+ Qxc3 26. Nxc3 a6 27. h5
Rf8 28. hxg6 hxg6 29. Rd3 d5 30. Ne4 Rh8 31. Rxh8 Kxh8 32. Nf6 Bc8 33. b3 g5
34. Kb2 Kg7 35. Nh5+ Kg6 36. Ng3 Rc5 37. b4 Rc4 38. Kb3 Bd7 39. a4 Kf6 40. Ne2
Ke5 41. Re3+ Kf6 42. Nc3 Rc8 43. Rd3 Rb8 44. Ne2 Rc8 45. Ka3 Rb8 46. Nd4 e5 47.
Nb3 d4 48. Nc5 Bc8 49. Rd1 Rb6 50. Rh1 Ke7 51. Rh5 Rg6 52. Rh7+ Kd6 53. Ne4+
Kd5 54. Rc7 Rc6 55. Rxc6 Kxc6 56. Nxg5 Kd6 57. Kb3 Bb7 58. Ne4+ Kd5 59. g5 Bc6
60. g6 Ke6 61. b5 axb5 62. axb5 Bxb5 63. g7 Kf7 64. Nd6+ Kxg7 65. Nxb5 Kf6 66.
Nd6 Kg5 67. Ne4+ Kf4 68. Nd2 Ke3 69. Kc2 Ke2 70. Kc1 1/2-1/2

[Event "SR 3. liga A2 2010/2011"]
[Site "?"]
[Date "2011.01.30"]
[Round "7.6"]
[White "Strapko, Tomas"]
[Black "Smrek, Peter"]
[Result "0-1"]
[WhiteElo "1892"]
[BlackElo "1882"]
[PlyCount "70"]
[EventDate "2010.??.??"]
[WhiteTeam "Slovakia"]
[BlackTeam "II"]
[WhiteTeamCountry "SVK"]
[BlackTeamCountry "SVK"]

1. d4 g6 2. c4 Nf6 3. Nc3 Bg7 4. e4 d6 5. Nf3 O-O 6. Be2 Nbd7 7. O-O e5 8. d5
Nc5 9. Qc2 a5 10. Be3 Nfd7 11. Nd2 f5 12. exf5 gxf5 13. f4 e4 14. g4 Nf6 15. g5
Ng4 16. Bxg4 fxg4 17. Rae1 Bf5 18. Ncxe4 Nxe4 19. Nxe4 Qe8 20. Bc1 Qg6 21. Qg2
Bd4+ 22. Kh1 Rae8 23. Ng3 Bd3 24. Rxe8 Rxe8 25. Rd1 Bxc4 26. b3 Qd3 27. Rf1 Bb5
28. Bd2 a4 29. bxa4 Bc4 30. Rc1 Bxa2 31. Nh5 Re2 32. Rxc7 Rxg2 33. Rc8+ Kf7 34.
Rc7+ Ke8 35. Kxg2 Bxd5# 0-1

[Event "SR 3. liga A2 2010/2011"]
[Site "?"]
[Date "2011.01.30"]
[Round "7.6"]
[White "Vegh, Vince"]
[Black "Vagovsky, Jozef"]
[Result "1/2-1/2"]
[WhiteElo "1947"]
[BlackElo "1993"]
[PlyCount "112"]
[EventDate "2010.??.??"]
[WhiteTeam "Slovakia"]
[BlackTeam "II"]
[WhiteTeamCountry "SVK"]
[BlackTeamCountry "SVK"]

1. e4 e6 2. Qe2 c5 3. Nf3 Nc6 4. g3 Be7 5. Bg2 Qc7 6. O-O Bf6 7. c3 Nge7 8. Re1
d6 9. b3 Bd7 10. Bb2 e5 11. Na3 Rc8 12. Nb5 Qb8 13. Qd3 O-O 14. Qxd6 Rfd8 15.
Qxb8 Rxb8 16. Na3 Bg4 17. Rad1 Rd3 18. Re3 Rbd8 19. Rxd3 Rxd3 20. Ne1 Rd8 21.
f3 Be6 22. d3 a6 23. Nac2 c4 24. bxc4 Bxc4 25. a3 b5 26. f4 Bb3 27. Rd2 Na5 28.
Ne3 exf4 29. gxf4 Ng6 30. Nd5 Bxd5 31. exd5 Nxf4 32. c4 Bxb2 33. Rxb2 Nxg2 34.
Kxg2 bxc4 35. Rb6 Kf8 36. d6 cxd3 37. Nxd3 Nc4 38. Rxa6 Rxd6 39. Rxd6 Nxd6 40.
Kf3 Ke7 41. a4 Nb7 42. Ke4 Kd6 43. Kd4 g5 44. Ne5 f6 45. Nc4+ Kc6 46. Ke4 g4
47. Kf5 h5 48. Ne3 Nd6+ 49. Kxf6 Ne4+ 50. Kf5 g3 51. hxg3 Nxg3+ 52. Kg5 Ne4+
53. Kxh5 Nd6 54. Kg5 Kb6 55. Nd5+ Ka5 56. Nc3 Ne4+ 1/2-1/2

[Event "SR 3. liga A2 2010/2011"]
[Site "?"]
[Date "2011.01.30"]
[Round "7.6"]
[White "Zajicek, Ferdinand"]
[Black "Brisudova, Veronika"]
[Result "1/2-1/2"]
[WhiteElo "1873"]
[BlackElo "1797"]
[PlyCount "81"]
[EventDate "2010.??.??"]
[WhiteTeam "Slovakia"]
[BlackTeam "II"]
[WhiteTeamCountry "SVK"]
[BlackTeamCountry "SVK"]

1. e4 c5 2. Nf3 d6 3. Nc3 Nf6 4. h3 a6 5. a3 e6 6. Bc4 Be7 7. O-O O-O 8. d3 b5
9. Ba2 Bb7 10. Ne2 Nc6 11. Be3 d5 12. exd5 Nxd5 13. Ng3 Nxe3 14. fxe3 Qb6 15.
Qe2 Rad8 16. Ne4 Nb8 17. Nfd2 Nd7 18. Rf2 Bd5 19. Qh5 Bxa2 20. Rxa2 c4 21. d4
f5 22. Ng5 Bxg5 23. Qxg5 Nf6 24. c3 Qc6 25. Ra1 Rd7 26. Raf1 Rdf7 27. Qf4 Qc7
28. Qxc7 Rxc7 29. e4 g6 30. exf5 exf5 31. g4 Nd5 32. gxf5 gxf5 33. Rxf5 Rg7+
34. Kh2 Rxf5 35. Rxf5 Ne3 36. Rf2 Nd1 37. Re2 Nxb2 38. Ne4 Nd3 39. Nd6 Rd7 40.
Nf5 Kf7 $11 41. Kg3 1/2-1/2

[Event "SR 3. liga A2 2010/2011"]
[Site "?"]
[Date "2011.01.30"]
[Round "7.6"]
[White "Zisek, Jaroslav"]
[Black "Husek, Lubomir"]
[Result "1/2-1/2"]
[WhiteElo "1871"]
[BlackElo "1786"]
[PlyCount "113"]
[EventDate "2010.??.??"]
[WhiteTeam "Slovakia"]
[BlackTeam "II"]
[WhiteTeamCountry "SVK"]
[BlackTeamCountry "SVK"]

1. c4 Nf6 2. Nc3 e6 3. g3 d5 4. cxd5 exd5 5. d4 Be7 6. Bg2 c6 7. Nf3 O-O 8. O-O
h6 9. Qc2 Be6 10. h3 Nbd7 11. g4 Nh7 12. Nh2 f5 13. f4 Rc8 14. gxf5 Bxf5 15. e4
dxe4 16. Bxe4 Bxe4 17. Qxe4 Ndf6 18. Qe6+ Kh8 19. Nf3 Qd7 20. Qxd7 Nxd7 21. Bd2
Rce8 22. Rae1 Bd8 23. Ne5 Nxe5 24. fxe5 Kg8 25. Ne4 Be7 26. Kg2 Rf7 27. Kg3
Ref8 28. Rxf7 Kxf7 29. Kg4 Ke6 30. Nd6 Rf2 31. Ne4 Rf8 32. Kh5 Rf5+ 33. Kg4 h5+
34. Kg3 g5 35. Kg2 h4 36. a3 Nf8 37. Bb4 Bxb4 38. axb4 Kd5 39. Nd6 Rf4 40. Nxb7
Ne6 41. Rc1 Rxd4 42. Na5 Rxb4 43. Nxc6 Rxb2+ 44. Kf3 Rb3+ 45. Kg4 Rg3+ 46. Kf5
Rf3+ 47. Kg4 Rf4+ 48. Kh5 a5 49. Nxa5 Kxe5 50. Nc4+ Kf6 51. Ne3 Ng7+ 52. Kh6
Nf5+ 53. Nxf5 Rxf5 54. Kh5 Ra5 55. Rf1+ Rf5 56. Rg1 g4+ 57. Kxh4 1/2-1/2

[Event "SR 3. liga A2 2010/2011"]
[Site "?"]
[Date "2011.01.30"]
[Round "7.7"]
[White "Feranec, Milan"]
[Black "Slaby, Jozef"]
[Result "0-1"]
[WhiteElo "1765"]
[BlackElo "1865"]
[PlyCount "110"]
[EventDate "2010.??.??"]
[WhiteTeam "Slovakia"]
[BlackTeam "II"]
[WhiteTeamCountry "SVK"]
[BlackTeamCountry "SVK"]

1. c4 Nf6 2. d4 d5 3. e3 e6 4. a3 Be7 5. Nc3 Nbd7 6. b4 dxc4 7. Bxc4 b6 8. Nge2
Bb7 9. O-O O-O 10. Qc2 c5 11. b5 Rc8 12. Qb3 cxd4 13. exd4 Bd6 14. f4 Qc7 15.
Bd3 Nd5 16. Ne4 Be7 17. Bd2 N7f6 18. Rac1 Qd7 19. h3 Rxc1 20. Rxc1 Rc8 21. Ng5
Rxc1+ 22. Bxc1 h6 23. Nf3 Qc7 24. Ne5 Bd6 25. Qc4 Qxc4 26. Nxc4 Bb8 27. g3 Ne7
28. a4 Ned5 29. Ba3 a6 30. Kf2 axb5 31. axb5 g6 32. Ne5 Kg7 33. g4 Bc8 34. Kf3
Bc7 35. h4 Bb7 36. Nc6 h5 37. g5 Ng4 38. Be4 Nge3 39. Bc1 Nf5 40. Bxd5 exd5 41.
Ba3 Nxh4+ 42. Kf2 Nf5 43. Ne7 f6 44. Nxf5+ gxf5 45. gxf6+ Kxf6 46. Kg3 Bd8 47.
Bd6 Bc8 48. Nc3 Ke6 49. Bb4 Bd7 50. Bf8 Bf6 51. Ne2 Bxb5 52. Kf3 Bxe2+ 53. Kxe2
Bxd4 54. Kf3 Bc5 55. Bg7 h4 0-1

[Event "SR 3. liga A2 2010/2011"]
[Site "?"]
[Date "2011.01.30"]
[Round "7.7"]
[White "Hrubos, Milan"]
[Black "Havlicek, Peter"]
[Result "0-1"]
[WhiteElo "1802"]
[BlackElo "1688"]
[PlyCount "84"]
[EventDate "2010.??.??"]
[WhiteTeam "Slovakia"]
[BlackTeam "II"]
[WhiteTeamCountry "SVK"]
[BlackTeamCountry "SVK"]

1. e4 c5 2. Nf3 e6 3. d4 cxd4 4. Nxd4 a6 5. Nc3 Nc6 6. Be3 Bb4 7. Qd2 Qa5 8.
Nb3 Bxc3 9. bxc3 Qc7 10. Bd3 Nf6 11. f3 O-O 12. O-O d5 13. Nd4 e5 14. Ne2 Be6
15. Ng3 Rac8 16. exd5 Nxd5 17. Ne4 Nxe3 18. Qxe3 Ne7 19. Ng5 Bf5 20. g4 Bg6 21.
c4 h6 22. Ne4 f5 23. Nc3 Qc5 24. Rae1 Qxe3+ 25. Rxe3 Nc6 26. Nd5 Rce8 27. Rb1
e4 28. fxe4 fxe4 29. Be2 Rf7 30. Rf1 Rxf1+ 31. Bxf1 Nd4 32. c3 Nf3+ 33. Kg2 Re5
34. Be2 Nd2 35. Kg3 Kf7 36. h4 Bh7 37. Kf4 Re8 38. g5 hxg5+ 39. hxg5 Bg6 40.
Nb6 Ke6 41. Bg4+ Kd6 42. a4 Rf8+ 0-1

[Event "SR 3. liga A2 2010/2011"]
[Site "?"]
[Date "2011.01.30"]
[Round "7.7"]
[White "Kolenak, Matus"]
[Black "Jablonicky, Martin"]
[Result "1-0"]
[WhiteElo "1722"]
[BlackElo "1884"]
[PlyCount "97"]
[EventDate "2010.??.??"]
[WhiteTeam "Slovakia"]
[BlackTeam "II"]
[WhiteTeamCountry "SVK"]
[BlackTeamCountry "SVK"]

1. e4 c6 2. d4 d5 3. Nc3 dxe4 4. Nxe4 Bf5 5. Ng3 Bg6 6. Nf3 Nd7 7. h4 h6 8. Bd3
Bxd3 9. Qxd3 Ngf6 10. O-O e6 11. c4 Be7 12. Bf4 O-O 13. Rad1 Rc8 14. Ne5 Nxe5
15. dxe5 Nh7 16. Qf3 Qb6 17. Qg4 Kh8 18. Rd7 Rc7 19. Be3 c5 20. Rfd1 Qc6 21.
Rxc7 Qxc7 22. f4 Rd8 23. h5 b6 24. Ne4 f5 25. exf6 Nxf6 26. Nxf6 Rxd1+ 27. Qxd1
Bxf6 28. b3 Kg8 29. Qd3 Kf7 30. Kf1 Qd8 $11 31. Qxd8 Bxd8 32. Kf2 Bc7 33. Kf3
Kf6 34. Ke4 g6 35. hxg6 Kxg6 36. g4 Kf6 37. Bd2 Bb8 38. Bc3+ Kg6 39. a3 Bc7 40.
b4 cxb4 41. axb4 a5 42. bxa5 bxa5 43. c5 h5 44. gxh5+ Kxh5 45. Be5 Bd8 46. c6
Kg4 47. c7 Bxc7 48. Bxc7 a4 49. Bd6 1-0

[Event "SR 3. liga A2 2010/2011"]
[Site "?"]
[Date "2011.01.30"]
[Round "7.7"]
[White "Sandor, Stefan"]
[Black "Matus, David"]
[Result "0-1"]
[WhiteElo "1682"]
[BlackElo "1756"]
[PlyCount "77"]
[EventDate "2010.??.??"]
[WhiteTeam "Slovakia"]
[BlackTeam "II"]
[WhiteTeamCountry "SVK"]
[BlackTeamCountry "SVK"]

1. e4 e5 2. Nf3 Nc6 3. Bc4 Bc5 4. d3 Nf6 5. Bg5 d6 6. h3 Qd7 7. a3 h6 8. Bd2
Nd4 9. Nc3 a6 10. Nd5 c6 11. Nxf6+ gxf6 12. c3 Nxf3+ 13. Qxf3 f5 14. exf5 Qxf5
15. Qxf5 Bxf5 16. Ke2 d5 17. Bb3 h5 18. Bc2 Rg8 19. Rhg1 Kd7 20. Rac1 Rg6 21.
b4 Bb6 22. c4 Rag8 23. g3 Bxh3 24. d4 e4 25. c5 Bc7 26. Ke1 Bf5 27. Rh1 Rh8 28.
Bd1 Bg4 29. Bxg4+ Rxg4 30. Ke2 Rg7 31. Rcg1 f5 32. a4 Bd8 33. a5 Bf6 34. Bc3
Rhh7 35. Bb2 h4 36. gxh4 Rxg1 37. Rxg1 Rxh4 38. Bc3 Rh3 39. Rg3 0-1

[Event "SR 3. liga A2 2010/2011"]
[Site "?"]
[Date "2011.01.30"]
[Round "7.7"]
[White "Vach, Jozef"]
[Black "Papanek, Lubomir"]
[Result "1/2-1/2"]
[WhiteElo "1900"]
[BlackElo "1653"]
[PlyCount "197"]
[EventDate "2010.??.??"]
[WhiteTeam "Slovakia"]
[BlackTeam "II"]
[WhiteTeamCountry "SVK"]
[BlackTeamCountry "SVK"]

1. d4 Nf6 2. Nf3 e6 3. Bg5 Be7 4. c4 c6 5. Nc3 d5 6. e3 Nbd7 7. Bd3 a6 8. a4 b6
9. O-O c5 10. Rc1 Bb7 11. Re1 O-O 12. Qe2 Rc8 13. cxd5 Nxd5 14. Bxe7 Nxe7 15.
Bxa6 Bxa6 16. Qxa6 Ra8 17. Qe2 Nd5 18. Ra1 Rc8 19. e4 Nxc3 20. bxc3 cxd4 21.
cxd4 Rc3 22. e5 Qc7 23. Ng5 h6 24. Ne4 Rc2 25. Qg4 Ra8 26. Nd6 Qc3 27. Qe4 Qc6
28. Qxc6 Rxc6 29. f4 Kf8 30. Re2 g6 31. Rd2 Ra5 32. Kf2 Rd5 33. Raa2 Ra5 34.
Rd3 Nb8 35. Ke3 Na6 36. Rb3 Nc7 37. Kd3 Nd5 38. g3 Ra7 39. Nb5 Ra8 40. Nc3
Rxc3+ 41. Rxc3 Nb4+ 42. Kc4 Nxa2 43. Ra3 b5+ 44. Kxb5 Rb8+ 45. Kc5 Nb4 46. Kd6
Rd8+ 47. Kc5 Nc2 48. Ra2 Nxd4 49. a5 Rd5+ 50. Kb6 Rb5+ 51. Ka6 Rb8 52. Ra4 Nc6
53. Rc4 Ra8+ 54. Kb6 Nxa5 55. Ra4 Rd8 56. Rxa5 Rd2 57. Ra8+ Kg7 58. Kc6 Rxh2
59. Kd6 Rb2 60. Ra7 Rb8 61. g4 Rb4 62. f5 gxf5 63. gxf5 exf5 64. e6 Rb6+ 65.
Ke5 Rxe6+ 66. Kxf5 Rg6 67. Kf4 Rg5 68. Rb7 Rc5 69. Kg4 Kg6 70. Rb4 Rg5+ 71. Kh4
h5 72. Rb6+ f6 73. Rb8 Rg4+ 74. Kh3 Kg5 75. Rg8+ Kf4 76. Rb8 f5 77. Rb4+ Kg5
78. Rb8 Re4 79. Rg8+ Kh6 80. Rf8 Rf4 81. Rh8+ Kg5 82. Rg8+ Kf6 83. Rh8 h4 84.
Rf8+ Ke5 85. Ra8 Kd4 86. Ra4+ Ke3 87. Ra3+ Kd2 88. Ra2+ Kc3 89. Ra3+ Kb4 90.
Rd3 Kc4 91. Rd8 Rd4 92. Rf8 Rf4 93. Rd8 Kc5 94. Rd7 Kc6 95. Rd8 Kc5 96. Rd7 Rd4
97. Rf7 Rd5 98. Kxh4 Kd4 99. Kg3 1/2-1/2

[Event "SR 3. liga A2 2010/2011"]
[Site "?"]
[Date "2011.01.30"]
[Round "7.7"]
[White "Vlkovic, Pavol"]
[Black "Csefalvay, Stefan"]
[Result "1-0"]
[WhiteElo "1840"]
[BlackElo "1928"]
[PlyCount "75"]
[EventDate "2010.??.??"]
[WhiteTeam "Slovakia"]
[BlackTeam "II"]
[WhiteTeamCountry "SVK"]
[BlackTeamCountry "SVK"]

1. e4 c5 2. d4 cxd4 3. c3 dxc3 4. Nxc3 Nc6 5. Nf3 d6 6. Bc4 e6 7. O-O Nf6 8.
Qe2 Be7 9. Rd1 Nd7 10. a3 O-O 11. h3 Nde5 12. Nxe5 Nxe5 13. Ba2 a6 14. Be3 Qa5
15. Rac1 Bd7 16. f4 Ng6 17. Bb1 Bc6 18. Kh2 Rfd8 19. Qf2 d5 20. Bb6 Qxb6 21.
Qxb6 Nxf4 22. g3 Ng6 23. exd5 exd5 24. Ne2 Rd6 25. Qf2 Rf6 26. Qe3 Bd6 27. Nd4
Re8 28. Qg1 Ne5 29. Rf1 Rh6 30. Rf4 Bd7 31. Bf5 Ba4 32. Rc8 Rxc8 33. Bxc8 Be8
34. Qd1 Nc4 35. Nf5 Bxf4 36. Nxh6+ Bxh6 37. Qxd5 Ne3 38. Qd8 1-0

[Event "SR 3. liga A2 2010/2011"]
[Site "?"]
[Date "2011.01.30"]
[Round "7.8"]
[White "Bernath, Mikulas"]
[Black "Hornak, Pavol"]
[Result "0-1"]
[WhiteElo "1855"]
[BlackElo "1773"]
[PlyCount "68"]
[EventDate "2010.??.??"]
[WhiteTeam "Slovakia"]
[BlackTeam "II"]
[WhiteTeamCountry "SVK"]
[BlackTeamCountry "SVK"]

1. d4 Nf6 2. Nf3 g6 3. c4 Bg7 4. Nc3 d5 5. cxd5 Nxd5 6. e4 Nxc3 7. bxc3 c5 8.
e5 cxd4 9. cxd4 O-O 10. Be2 Nd7 11. O-O Nb6 12. Bg5 Nd5 13. Qb3 b6 14. Rfd1 h6
15. Bc1 e6 16. Bb5 Bd7 17. Ba3 Bxb5 18. Qxb5 Re8 19. Rac1 Bf8 20. Bxf8 Kxf8 21.
Rd2 Rc8 22. Rdc2 Rxc2 23. Rxc2 Qe7 24. Nd2 Rd8 25. Ne4 Qd7 26. Qc4 Ne7 27. Nd6
Nf5 28. Nxf5 gxf5 29. Rd2 Qd5 30. Qb4+ Kg7 31. Qe7 Rd7 32. Qf6+ Kh7 33. h3 Qe4
34. Kh2 Qf4+ 0-1

[Event "SR 3. liga A2 2010/2011"]
[Site "?"]
[Date "2011.01.30"]
[Round "7.8"]
[White "Curidlo, Jan"]
[Black "Bajcar, Pavol"]
[Result "1-0"]
[WhiteElo "1827"]
[BlackElo "1523"]
[PlyCount "73"]
[EventDate "2010.??.??"]
[WhiteTeam "Slovakia"]
[BlackTeam "II"]
[WhiteTeamCountry "SVK"]
[BlackTeamCountry "SVK"]

1. e4 e6 2. d4 d5 3. Nd2 Ne7 4. Bd3 Ng6 5. Ne2 c5 6. c3 Nc6 7. Nf3 Be7 8. O-O
O-O 9. e5 Qb6 10. a3 a6 11. b4 cxd4 12. cxd4 Bd7 13. Be3 Na7 14. Nc3 Bb5 15.
Nxb5 Nxb5 16. Qb3 Rfc8 17. Rac1 Bf8 18. h3 Ne7 19. a4 Na7 20. Qb1 Ng6 21. Bd2
Nc6 22. a5 Qa7 23. Qb2 b6 24. Rc2 Rc7 25. Rfc1 Rac8 26. Bxa6 Qxa6 27. b5 Qb7
28. bxc6 Rxc6 29. Rxc6 Rxc6 30. Rxc6 Qxc6 31. Qxb6 Qa8 32. a6 Ne7 33. Bb4 Nc6
34. Bd6 Bxd6 35. exd6 Kf8 36. Ne5 Na7 37. Qb7 1-0

[Event "SR 3. liga A2 2010/2011"]
[Site "?"]
[Date "2011.01.30"]
[Round "7.8"]
[White "Fidericky, Milan"]
[Black "Holiencin, Filip"]
[Result "0-1"]
[WhiteElo "1835"]
[BlackElo "1631"]
[PlyCount "102"]
[EventDate "2010.??.??"]
[WhiteTeam "Slovakia"]
[BlackTeam "II"]
[WhiteTeamCountry "SVK"]
[BlackTeamCountry "SVK"]

1. d4 Nf6 2. c4 e6 3. Nc3 d5 4. Nf3 Bb4 5. Bd2 dxc4 6. e3 O-O 7. Bxc4 b6 8. O-O
Bb7 9. Qe2 Qe7 10. Rac1 c5 11. dxc5 Bxc5 12. Rfd1 Rd8 13. h3 Nbd7 14. a3 a6 15.
e4 b5 16. Bd3 e5 17. Bg5 h6 18. Bh4 Nf8 19. Bc2 Ng6 20. g3 Nxh4 21. Nxh4 g6 22.
Kh2 Nh5 23. Nf3 Qe6 24. Rd2 Be7 25. Rcd1 Kh7 26. Nd5 Bc8 27. Qf1 Rd7 28. Ne1
Bg5 29. Rd3 f5 30. Nc3 Raa7 31. Nf3 Bf6 32. Rxd7+ Rxd7 33. Rxd7+ Bxd7 34. exf5
gxf5 35. Nd2 Qd6 36. Qe2 Ng7 37. h4 e4 38. Ndb1 Bxh4 39. Nxe4 fxe4 40. Nd2 Bf5
41. Bxe4 Bf6 42. Bxf5+ Nxf5 43. Ne4 Qe5 44. Qd3 Qd4 45. Nxf6+ Qxf6 46. Kg2 Kg7
47. Qd7+ Qf7 48. Qd3 Qe6 49. Qc3+ Qf6 50. Qc7+ Ne7 51. Qd7 Qc6+ 0-1

[Event "SR 3. liga A2 2010/2011"]
[Site "?"]
[Date "2011.01.30"]
[Round "7.8"]
[White "Kahancova, Jana"]
[Black "Kosar, Mikulas st"]
[Result "1-0"]
[WhiteElo "1581"]
[BlackElo "1835"]
[PlyCount "103"]
[EventDate "2010.??.??"]
[WhiteTeam "Slovakia"]
[BlackTeam "II"]
[WhiteTeamCountry "SVK"]
[BlackTeamCountry "SVK"]

1. e4 e5 2. Nf3 Nf6 3. Nc3 d6 4. Bc4 Bg4 5. h3 Bh5 6. d3 h6 7. Be3 Be7 8. Qd2
a6 9. g4 Bg6 10. Nh4 Bh7 11. Nf5 Bxf5 12. gxf5 Nc6 13. O-O-O Na5 14. Bb3 Nxb3+
15. axb3 Qd7 16. Rdg1 Rg8 17. Rg2 O-O-O 18. Rhg1 Nh5 19. Bxh6 g6 20. Be3 Bf8
21. h4 Qe8 22. Qe2 Nf4 23. Bxf4 exf4 24. fxg6 fxg6 25. Qg4+ Rd7 26. Qxf4 Rf7
27. Qg4+ Kb8 28. Qe2 Bh6+ 29. Kb1 Rff8 30. Nd5 c6 31. Ne3 Bf4 32. Ng4 Rh8 33.
Ne3 Rxh4 34. Rxg6 Rh2 35. R6g2 Rh4 36. Qe1 Qd8 37. Nf5 Rhh8 38. Rg7 Be5 39.
R7g4 Qb6 40. f4 Bd4 41. Rh1 d5 42. Rxh8 Bxh8 43. Qg3 Qd8 44. Qh4 Bf6 45. Qf2
Qa5 46. e5 Bd8 47. Nd6 Rh8 48. f5 Rh1+ 49. Rg1 Bb6 50. d4 Rh7 51. f6 Rh8 52. f7
1-0

[Event "SR 3. liga A2 2010/2011"]
[Site "?"]
[Date "2011.01.30"]
[Round "7.8"]
[White "Mraz, Jan"]
[Black "Vogl, Zdenek"]
[Result "0-1"]
[WhiteElo "1000"]
[BlackElo "1863"]
[PlyCount "48"]
[EventDate "2010.??.??"]
[WhiteTeam "Slovakia"]
[BlackTeam "II"]
[WhiteTeamCountry "SVK"]
[BlackTeamCountry "SVK"]

1. e4 e5 2. Nf3 Nc6 3. d4 exd4 4. Nxd4 Nxd4 5. Qxd4 d6 6. Be3 Qf6 7. Qa4+ Bd7
8. Qb3 Bc6 9. Bb5 Ne7 10. Nc3 a6 11. Nd5 Nxd5 12. Bxc6+ bxc6 13. Qb7 Nxe3 14.
Qxc6+ Ke7 15. Qxc7+ Ke6 16. fxe3 Qh4+ 17. g3 Qxe4 18. Rf1 Be7 19. O-O-O Rhc8
20. Rxd6+ Bxd6 21. Qxf7+ Ke5 22. Qxg7+ Kd5 23. Qf7+ Kc6 24. Rf4 Bxf4 0-1

[Event "SR 3. liga A2 2010/2011"]
[Site "?"]
[Date "2011.01.30"]
[Round "7.8"]
[White "Zarecky, Eduard"]
[Black "Puskar, Peter"]
[Result "1-0"]
[WhiteElo "1968"]
[BlackElo "1706"]
[PlyCount "95"]
[EventDate "2010.??.??"]
[WhiteTeam "Slovakia"]
[BlackTeam "II"]
[WhiteTeamCountry "SVK"]
[BlackTeamCountry "SVK"]

1. d4 Nf6 2. c4 g6 3. Nc3 Bg7 4. e4 d6 5. Nf3 O-O 6. Bg5 Nbd7 7. Qd2 c5 8. d5
a6 9. Bd3 Ng4 10. h3 Nge5 11. Nxe5 Nxe5 12. Be2 f6 13. Bh6 Bd7 14. Bxg7 Kxg7
15. f4 Nf7 16. O-O Qc7 17. Bd3 Rab8 18. a4 a5 19. Ne2 b6 20. Rf3 Rbe8 21. Qc3
Rb8 $11 22. b3 Rbe8 23. Ng3 Qb8 24. Bc2 Qc7 25. Raf1 Qb8 26. Ne2 Qc7 27. g4 Kg8
28. Ng3 Qc8 29. Kg2 Qb8 30. Qe3 Qc8 31. Rh1 Kg7 32. Ne2 Rh8 33. Qc3 Rhf8 34.
Rg3 Kg8 35. Ng1 Qc7 36. Nf3 Kg7 37. Re1 Bc8 38. h4 Rg8 $11 39. g5 Qd8 40. e5
dxe5 41. fxe5 Rgf8 42. e6 Nd6 43. h5 Bb7 44. hxg6 hxg6 45. Nh4 Nxc4 46. bxc4
Bxd5+ 47. cxd5 Qxd5+ 48. Kg1 1-0

[Event "SR 3. liga A2 2010/2011"]
[Site "?"]
[Date "2011.02.13"]
[Round "8.1"]
[White "Jablonicky, Frantisek"]
[Black "Kovacocy, Pavel"]
[Result "1-0"]
[WhiteElo "2150"]
[BlackElo "2239"]
[PlyCount "115"]
[EventDate "2010.??.??"]
[WhiteTeam "Slovakia"]
[BlackTeam "II"]
[WhiteTeamCountry "SVK"]
[BlackTeamCountry "SVK"]

1. e4 g6 2. d4 Bg7 3. f4 c5 4. d5 d6 5. Nf3 Bg4 6. Nbd2 Nf6 7. a4 O-O 8. Be2 e6
9. h3 Bxf3 10. Bxf3 exd5 11. exd5 Re8+ 12. Kf1 Na6 13. g3 Nb4 14. Kg2 h5 15.
Nc4 Qd7 16. c3 Na6 17. Qd3 Re7 18. Bd2 Rae8 19. Rhe1 Rxe1 20. Rxe1 Rxe1 21.
Bxe1 Ne8 22. a5 Nac7 23. f5 Qxf5 24. Qxf5 gxf5 25. Ne3 f4 26. gxf4 Bh6 27. Bg3
Nf6 28. c4 b6 29. axb6 axb6 30. Nf5 Bf8 31. Bh4 Nce8 32. Be2 b5 33. b3 b4 34.
Kf3 Kh8 35. Ke3 Kh7 36. Bd3 Kg8 37. Ng3 Bg7 38. Be2 Kh7 39. Nxh5 Nxh5 40. Bxh5
Bd4+ 41. Kf3 Kg7 42. Bg4 Nf6 43. Bg3 Kf8 44. h4 Ng8 45. Bh3 Nf6 46. Bc8 Ke7 47.
Bh2 Bc3 48. Bg4 Kf8 49. h5 Ng8 50. Bc8 Ne7 51. Bd7 Ng8 52. Bg3 Bf6 53. Bc8 Kg7
54. f5 Be7 55. Bf4 Kf6 56. h6 Nxh6 57. Bxh6 Ke5 58. Ke3 1-0

[Event "SR 3. liga A2 2010/2011"]
[Site "?"]
[Date "2011.02.13"]
[Round "8.1"]
[White "Lesny, Stefan"]
[Black "Hudacek, Josef"]
[Result "1/2-1/2"]
[WhiteElo "2100"]
[BlackElo "2047"]
[PlyCount "81"]
[EventDate "2010.??.??"]
[WhiteTeam "Slovakia"]
[BlackTeam "II"]
[WhiteTeamCountry "SVK"]
[BlackTeamCountry "SVK"]

1. e4 c5 2. f4 d5 3. e5 Nc6 4. c3 g6 5. Nf3 Bg7 6. d3 Nh6 7. g3 O-O 8. Bg2 f6
9. exf6 exf6 10. O-O Be6 11. Na3 Qd7 12. Nc2 Rfe8 13. d4 cxd4 14. Ncxd4 Bg4 15.
Qd3 Nf5 16. Bd2 Nd6 17. Rae1 Ne4 18. Bc1 Nc5 19. Qb5 Bf8 20. Be3 a6 21. Qe2
Nxd4 22. cxd4 Ne4 23. Qd3 Bf5 24. Qb3 Rac8 25. Rc1 Kg7 26. Rxc8 Rxc8 27. Rc1
Rxc1+ 28. Bxc1 Qc6 29. Be3 b5 30. Bf1 Nd6 31. Ne1 Nc4 32. Bc1 Qe6 33. Kf2 Qe4
34. Be3 Qb1 35. Bd3 Bxd3 36. Nxd3 Nxe3 37. Kxe3 Qg1+ 38. Nf2 Qxh2 39. Kf3 Qg1
40. Qxd5 Qe1 41. Qb7+ 1/2-1/2